000 00653nam a22002177a 4500
003 UA-OsUOA
001 59499
007 ta
008 20090330b un ||||| |||| 00| 0 ukr d
100 _aБондаренко Ю.
090 _a82
_bБ81
942 _cSA
040 _aUA-OsUOA
_bukr
_cUA-OsUOA
_dUA-OsUOA
245 _aФеноменальна та рутина історія у прозі Миколи Хвильового: зони конфліктів і небезпек
300 _aС.74
955 _a0
041 _aukr
080 _a82
773 0 _w59498
650 7 _a82 Література. Літературознавство
_2UDC
999 _c345684
_d345684